000 00471ntaaa2200181 4500
003 01
005 20251027203254.0
008 0714s1973 ag 01
040 _aAR-BaBN
_bspa
_cAR-BaBN
_eaacr
_dRIC
082 _a291.13 El4
100 _aMircea Eliade
_935604
245 _aMefistófeles y el Andrógino /
_cMircea Eliade
250 _a1ª ed.
260 _aMadrid :
_bGuadarrama,
_c1969
300 _a275 p.
490 _aUniversitaria de bolsillo ;
_v79
942 _cBK
999 _c28205
_d28205